000 00706nam a2200289Ia 4500
005 20260324124912.0
008 008 260324s9999 xx 000 0 eng d
020 _a9780203869932
037 _aEBOOK
040 _aCRL
040 _beng
040 _cCRL
041 _2eng
041 _aeng
084 _qCRL
100 _aDavid Leheny; Kay Warren
_91175939
245 0 _aJapanese Aid and the Construction of Global Development
245 0 _bInescapable Solutions
260 _bTaylor and Francis
260 _c2009
365 _a
365 _b240
856 _uhttp://www.taylorfrancis.com/books/9780203869932
942 _cEBOOK
999 _c1770732
_d1770732